00849cam a22002777a 4500003000500000005001700005008004100022010001000063011001000073020001500083035001000098040000900108082002000117100001900137245011300156250002200269260003800291300003100329490004700360650002500407650002100432650002600453700002100479700002400500830004700524CHAP20220329142252.0000413d1995 us a r 00110 eng d a80828 a81800 a0824792939 a92281 cCHAP14a631.43bI8 199500aIwata, Shingo.10aSoil-water interactions :bmechanics and applicationsc/by Shingo Iwata, Toshio Tabuchi y Benno P. Warkentin a2 ed. rev. y aum. aNew York :bMarcel Dekker,c1995. a440 p. :bilus. ; gráfs. 0aBooks in soils, plants and the environment14aSuelosxFísica de.14aSuelosxHumedad.14aSuelosxQuímica de.0 aTabuchi, Toshio.0 aWarkentin, Benno P.0 aBooks in soils, plants and the environment